Learning in the Age of Digital Reason

Learning in the Age of Digital Reason contains 16 in-depth dialogues between Petar Jandrić and leading scholars and practitioners in diverse fields of history, philosophy, media theory, education, practice, activism, and arts. The book creates a postdisciplinary snapshot of our reality, and the ways...

Full description

Bibliographic Details
Main Author: Jandric, Petar (Author)
Corporate Author: SpringerLink (Online service)
Format: Electronic eBook
Language:English
Published: Rotterdam : SensePublishers : Imprint: SensePublishers, 2017.
Series:Educational Futures, Rethinking Theory and Practice,
Subjects:
Online Access:Full Text via HEAL-Link
LEADER 02582nam a22003975i 4500
001 978-94-6351-077-6
003 DE-He213
005 20170717104644.0
007 cr nn 008mamaa
008 170717s2017 ne | s |||| 0|eng d
020 |a 9789463510776  |9 978-94-6351-077-6 
024 7 |a 10.1007/978-94-6351-077-6  |2 doi 
040 |d GrThAP 
050 4 |a L1-991 
072 7 |a JN  |2 bicssc 
072 7 |a EDU000000  |2 bisacsh 
082 0 4 |a 370  |2 23 
100 1 |a Jandric, Petar.  |e author. 
245 1 0 |a Learning in the Age of Digital Reason  |h [electronic resource] /  |c by Petar Jandric. 
264 1 |a Rotterdam :  |b SensePublishers :  |b Imprint: SensePublishers,  |c 2017. 
300 |a CDVIII, 14 p.  |b online resource. 
336 |a text  |b txt  |2 rdacontent 
337 |a computer  |b c  |2 rdamedia 
338 |a online resource  |b cr  |2 rdacarrier 
347 |a text file  |b PDF  |2 rda 
490 1 |a Educational Futures, Rethinking Theory and Practice,  |x 2214-9864 
520 |a Learning in the Age of Digital Reason contains 16 in-depth dialogues between Petar Jandrić and leading scholars and practitioners in diverse fields of history, philosophy, media theory, education, practice, activism, and arts. The book creates a postdisciplinary snapshot of our reality, and the ways we experience that reality, at the moment here and now. It historicises our current views to human learning, and experiments with collective knowledge making and the relationships between theory and practice. It stands firmly at the side of the weak and the oppressed, and aims at critical emancipation. Learning in the Age of Digital Reason is playful and serious. It addresses important issues of our times and avoids the omnipresent (academic) sin of pretentiousness, thus making an important statement: research and education can be sexy. Interlocutors presented in the book (in order of appearance): Larry Cuban, Andrew Feenberg, Michael Adrian Peters, Fred Turner, Richard Barbrook, McKenzie Wark, Henry Giroux, Peter McLaren, Siân Bayne, Howard Rheingold, Astra Taylor, Marcell Mars, Tomislav Medak, Ana Kuzmanić, Paul Levinson, Kathy Rae Huffman, Ana Peraica, Dmitry Vilensky (Chto Delat?), Christine Sinclair, and Hamish Mcleod. 
650 0 |a Education. 
650 1 4 |a Education. 
650 2 4 |a Education, general. 
710 2 |a SpringerLink (Online service) 
773 0 |t Springer eBooks 
830 0 |a Educational Futures, Rethinking Theory and Practice,  |x 2214-9864 
856 4 0 |u http://dx.doi.org/10.1007/978-94-6351-077-6  |z Full Text via HEAL-Link 
912 |a ZDB-2-EDA 
950 |a Education (Springer-41171)